Normal view
MARC view
Entry Topical Term
001 - CONTROL NUMBER
- control field: 684391
003 - CONTROL NUMBER IDENTIFIER
- control field: OSt
005 - DATE AND TIME OF LATEST TRANSACTION
- control field: 20221007063516.0
008 - FIXED-LENGTH DATA ELEMENTS
- fixed length control field: 221007|| aca||aabn | a|a d
040 ## - CATALOGING SOURCE
- Original cataloging agency: OSt
- Transcribing agency: OSt
150 ## - HEADING--TOPICAL TERM
- Topical term or geographic name entry element: Partnership law in India and Pakistan
670 ## - SOURCE DATA FOUND
- Source citation: Work cat.: (OSt)1131411: Desai S.T. Au., Law of partnership in India & Pakistan, 1956
